000 00459nam a2200193Ia 4500
005 20251020182549.0
008 200515s9999 xx 000 0 und d
082 _a985/R32/1
100 _aREBAZA ACOSTA, Alfredo
245 0 _aHistoria del Perú y del Mundo : 1er año de educación básica regular
250 _a3a ed.
260 _aLima
260 _c1974
300 _a333
650 _aHISTORIA
650 _aLIB
650 _aPERU
942 _cLIB
999 _c2656
_d2656